Drugie największe miasto według państwa - Statystyki

Ogólne statystyki
  • Ten quiz został rozwiązany 99 razy
  • Średni wynik to 20 z 30
Statystyki odpowiedzi
Państwo Miasto % Poprawnych
Rosja Petersburg
98%
Turcja Ankara
96%
Hiszpania Barcelona
96%
Włochy (miasto właściwe) Mediolan
95%
Portugalia Porto
95%
Brazylia Rio de Janeiro
92%
Stany Zjednoczone Los Angeles
89%
Grecja Saloniki
87%
RPA Kapsztad
83%
Francja (miasto właściwe) Marsylia
82%
Egipt Aleksandria
80%
Belgia (obszar metropolitalny) Antwerpia
80%
Japonia (obszar metropolitalny) Osaka
80%
Francja (obszar metropolitalny) Lyon
79%
Kanada Montreal
77%
Szwecja Goteborg
68%
Irlandia Cork
67%
Boliwia (obszar metropolitalny) La Paz
67%
Włochy (obszar metropolitalny) Neapol
65%
Norwegia Bergen
60%
Kolumbia Medellín
56%
Meksyk (obszar metropolitalny) Monterrey
51%
Arabia Saudyjska Dżudda
36%
Kenia Mombasa
32%
Meksyk (miasto właściwe) Tijuana
31%
Belgia (miasto właściwe) Gandawa
30%
Japonia (miasto właściwe) Jokohama
27%
Bangladesh Ćottogram
21%
Pakistan Lahaur
21%
Boliwia (miasto właściwe) El Alto
11%
Nie znaleziono quizów pasujących do podanych kryteriów
Rozkład punktacji
Procent ludzi z każdym wynikiem
Percentyl według liczby udzielonych odpowiedzi
Twoja historia wyników
Nie rozwiązałeś tego quizu